[Event "Madrid ch-sf B"]
[Site "Madrid ESP"]
[Date "2007.01.13"]
[Round "3.2"]
[White "Lopez de Turiso, Jose Angel"]
[Black "Alvarez Abejon, Amilcar"]
[Result "0-1"]
[WhiteElo "2171"]
[BlackElo "2086"]
[PlyCount "106"]
[EventDate "2007.01.11"]
[EventType "swiss"]
[EventRounds "9"]
[EventCountry "ESP"]
[Source "lmi"]
[SourceDate "2007.01.11"]

1. d4 d5 2. c4 c6 3. cxd5 cxd5 4. Nc3 Nc6 5. Bf4 e5 6. dxe5 d4 7. Ne4 Qa5+ 8.
Nd2 Nge7 9. Ngf3 Bg4 10. a3 Ng6 11. Bg3 Bxf3 12. exf3 Ngxe5 13. b4 Qd5 14. Qb3
Qxb3 15. Nxb3 a6 16. Bxe5 Nxe5 17. Nxd4 O-O-O 18. O-O-O a5 19. bxa5 Bxa3+ 20.
Kb1 Nc6 21. a6 Rxd4 22. axb7+ Kxb7 23. Rxd4 Nxd4 24. Bc4 f6 25. Rd1 Bc5 26. Kb2
Kc6 27. Ra1 Rb8+ 28. Kc3 Nb5+ 29. Kd3 Bxf2 30. Ra2 Bc5 31. Ra6+ Bb6 32. Ke2 Kc5
33. Bd3 g6 34. g4 Nc3+ 35. Kd2 Nd5 36. Ra4 Nb4 37. Be4 Rd8+ 38. Ke2 Nd5 39. Ra3
Kb4 40. Ra6 Nc3+ 41. Kf1 Kb5 42. Ra1 Nxe4 43. fxe4 Rd2 44. h3 Rh2 45. Ra3 Kc5
46. Rd3 Kc4 47. Rf3 Bd4 48. Ra3 Be5 49. Kg1 Kd4 50. Ra4+ Ke3 51. Rb4 Kf3 52.
Ra4 Rc2 53. Ra3+ Rc3 0-1

[Event "Madrid ch-sf B"]
[Site "Madrid ESP"]
[Date "2007.01.13"]
[Round "3.3"]
[White "Sanchez Garcia, Aurelio"]
[Black "Martin Martin, Luis Vicente"]
[Result "1-0"]
[WhiteElo "2104"]
[BlackElo "2111"]
[PlyCount "41"]
[EventDate "2007.01.11"]
[EventType "swiss"]
[EventRounds "9"]
[EventCountry "ESP"]
[Source "lmi"]
[SourceDate "2007.01.11"]

1. d4 Nf6 2. Nf3 e6 3. Bf4 c5 4. e3 Qb6 5. Nc3 cxd4 6. exd4 Bb4 7. Bd3 Nc6 8.
a3 Nd5 9. Bd2 Nxc3 10. bxc3 Be7 11. O-O d5 12. Re1 Bd7 13. Bf4 Na5 14. Ne5 h5
15. Rb1 Qd8 16. Qf3 Bf6 17. Qg3 Rc8 18. Bg6 Bxe5 19. Bxe5 Rh6 20. Bxf7+ Ke7 21.
Bxg7 1-0

[Event "Madrid ch-sf B"]
[Site "Madrid ESP"]
[Date "2007.01.13"]
[Round "3.4"]
[White "Aziz Ortego, Omar Luis"]
[Black "Collado Barbas, Laura"]
[Result "0-1"]
[WhiteElo "2107"]
[BlackElo "1828"]
[PlyCount "72"]
[EventDate "2007.01.11"]
[EventType "swiss"]
[EventRounds "9"]
[EventCountry "ESP"]
[Source "lmi"]
[SourceDate "2007.01.11"]

1. d4 d5 2. c4 e6 3. Nf3 c6 4. Nc3 dxc4 5. a4 Bb4 6. e4 b5 7. Bd2 a5 8. axb5
Bxc3 9. Bxc3 cxb5 10. d5 Nf6 11. d6 Nxe4 12. Bxg7 Rg8 13. Qd4 Bb7 14. Rd1 Bd5
15. Be5 Nc6 16. Qe3 Nxe5 17. Nxe5 Qxd6 18. Nf3 Qb4+ 19. Nd2 Nxd2 20. Rxd2 Rd8
21. f3 Bc6 22. Ke2 Rxd2+ 23. Qxd2 Qxd2+ 24. Kxd2 Ke7 25. Ke3 Kd6 26. g3 Kc5 27.
Be2 Rd8 28. Rc1 a4 29. g4 e5 30. h4 Ra8 31. Bd3 h6 32. Bc2 Kb4 33. Be4 Bxe4 34.
Kxe4 Kb3 35. Kxe5 Kxb2 36. Rd1 c3 0-1

[Event "Madrid ch-sf B"]
[Site "Madrid ESP"]
[Date "2007.01.13"]
[Round "3.5"]
[White "Sanchez Delgado, Lidia"]
[Black "Avendaño Mateos, Jose"]
[Result "1/2-1/2"]
[WhiteElo "2036"]
[BlackElo "1912"]
[PlyCount "102"]
[EventDate "2007.01.11"]
[EventType "swiss"]
[EventRounds "9"]
[EventCountry "ESP"]
[Source "lmi"]
[SourceDate "2007.01.11"]

1. e4 c6 2. d4 d5 3. Nc3 dxe4 4. Nxe4 Bf5 5. Ng3 Bg6 6. Nf3 Nd7 7. h4 h6 8. h5
Bh7 9. Bd3 Bxd3 10. Qxd3 e6 11. Bf4 Qa5+ 12. Bd2 Qc7 13. O-O-O O-O-O 14. Ne4
Ngf6 15. c4 Nc5 16. Nxc5 Bxc5 17. Bc3 Bd6 18. g3 Rhe8 19. Qc2 Kb8 20. Kb1 Bf8
21. Ne5 Bd6 22. f4 a6 23. Rdg1 c5 24. Qa4 Rc8 25. Rc1 Bxe5 26. dxe5 Ne4 27. Be1
f5 28. exf6 gxf6 29. Rf1 Rg8 30. Rf3 Rcd8 31. Ba5 b6 32. Rb3 Nd2+ 33. Bxd2 Rxd2
34. Qxa6 Rd6 35. a4 Qb7 36. Qb5 Qc6 37. Qxc6 Rxc6 38. Rd1 e5 39. Rd7 exf4 40.
gxf4 Rg1+ 41. Ka2 Rh1 42. a5 Kc8 43. Rh7 bxa5 44. Rxh6 Rf1 45. Rh8+ Kc7 46.
Rh7+ Kd6 47. Re3 Rxf4 48. Rhe7 Rxc4 49. R3e6+ Kd5 50. Rxc6 Kxc6 51. Re6+ Kb5
1/2-1/2

[Event "Madrid ch-sf B"]
[Site "Madrid ESP"]
[Date "2007.01.13"]
[Round "3.6"]
[White "Baeza Escudero, Javier"]
[Black "Perez Martinez, Jose Manuel"]
[Result "0-1"]
[WhiteElo "1886"]
[BlackElo "1974"]
[PlyCount "112"]
[EventDate "2007.01.11"]
[EventType "swiss"]
[EventRounds "9"]
[EventCountry "ESP"]
[Source "lmi"]
[SourceDate "2007.01.11"]

1. e4 e5 2. f4 exf4 3. Nf3 Be7 4. Bc4 Bh4+ 5. Kf1 d6 6. d4 Bg4 7. Bxf4 Qf6 8.
Bg3 Bxg3 9. hxg3 Nd7 10. Nc3 c6 11. Qd3 O-O-O 12. b4 Ne7 13. Kg1 Bxf3 14. gxf3
c5 15. Kg2 cxb4 16. Ne2 Nb6 17. Rhb1 d5 18. Bb3 Nc6 19. e5 Qg6 20. Qb5 Qe6 21.
a3 Kc7 22. axb4 a6 23. Qd3 Nxb4 24. Qc3+ Nc6 25. Nf4 Qe7 26. Qb2 Qb4 27. c3 Qb5
28. e6 g5 29. e7 Nxe7 30. Qa3 gxf4 31. Qxe7+ Qd7 32. Qc5+ Qc6 33. Qe7+ Qd7 34.
Qe5+ Qd6 35. gxf4 Rhg8+ 36. Kf2 Rde8 37. Qxd6+ Kxd6 38. Bc2 Kc7 39. Bd3 Rg7 40.
Rh1 Reg8 41. Rxh7 Rg2+ 42. Ke3 Re8+ 43. Be4 dxe4 44. fxe4 Re7 45. Rc1 Nc4+ 46.
Kf3 Rd2 47. Rh5 b5 48. e5 a5 49. Rh6 a4 50. Ra6 Kb7 51. Rf6 a3 52. f5 a2 53. e6
fxe6 54. fxe6 Kc7 55. Ke4 Kd6 56. d5 Rxd5 0-1

[Event "Madrid ch-sf B"]
[Site "Madrid ESP"]
[Date "2007.01.13"]
[Round "3.7"]
[White "Sanz Esteban, Eduardo"]
[Black "Rodrigo Yanguas, Maria"]
[Result "1-0"]
[WhiteElo "1781"]
[BlackElo "1969"]
[PlyCount "73"]
[EventDate "2007.01.11"]
[EventType "swiss"]
[EventRounds "9"]
[EventCountry "ESP"]
[Source "lmi"]
[SourceDate "2007.01.11"]

1. d4 f5 2. g4 d5 3. g5 g6 4. Bf4 Bg7 5. Nf3 c5 6. Be5 Bxe5 7. Nxe5 Qb6 8. Nc3
cxd4 9. Na4 Qa5+ 10. c3 dxc3 11. Nxc3 e6 12. e3 Ne7 13. Qd4 O-O 14. h4 Nbc6 15.
Nxc6 Nxc6 16. Qd2 Bd7 17. h5 Kg7 18. f3 Qc7 19. Qf2 a6 20. Qh4 Rh8 21. O-O-O b5
22. Kb1 Rac8 23. Bh3 Qe5 24. e4 d4 25. exf5 exf5 26. Rhe1 Qc5 27. Ne4 fxe4 28.
Bxd7 Rc7 29. h6+ Kg8 30. Be6+ Rf7 31. Bxf7+ Kxf7 32. Qf4+ Qf5 33. Qc7+ Ne7 34.
fxe4 Qxg5 35. Rf1+ Ke6 36. Rxd4 Nc8 37. Qf7+ 1-0

[Event "Madrid ch-sf B"]
[Site "Madrid ESP"]
[Date "2007.01.13"]
[Round "3.10"]
[White "Sanchez Alarcos, Victor"]
[Black "Valderrama Arroyo, Victor"]
[Result "1/2-1/2"]
[WhiteElo "1876"]
[BlackElo "1843"]
[PlyCount "60"]
[EventDate "2007.01.11"]
[EventType "swiss"]
[EventRounds "9"]
[EventCountry "ESP"]
[Source "lmi"]
[SourceDate "2007.01.11"]

1. e4 c5 2. Ne2 Nc6 3. Nbc3 Nf6 4. g3 e5 5. Bg2 Be7 6. d3 d6 7. h3 O-O 8. O-O
a6 9. a4 b6 10. f4 Bb7 11. fxe5 dxe5 12. Nd5 h6 13. g4 Nd4 14. Nxe7+ Qxe7 15.
Nxd4 cxd4 16. g5 Nh7 17. gxh6 g6 18. Qg4 Bc8 19. Qg3 Kh8 20. b3 Rg8 21. Ba3 Qe6
22. Rf2 Ra7 23. Raf1 f6 24. h4 Rf7 25. Bc1 Qg4 26. Qxg4 Bxg4 27. Kh2 Rc8 28.
Bh3 Bxh3 29. Kxh3 Rfc7 30. Ba3 Rxc2 1/2-1/2

[Event "Madrid ch-sf B"]
[Site "Madrid ESP"]
[Date "2007.01.13"]
[Round "3.11"]
[White "Noriega de la Sierra, Antonio"]
[Black "Garcia Serrano, Jose Manuel"]
[Result "0-1"]
[WhiteElo "1923"]
[BlackElo "1914"]
[PlyCount "101"]
[EventDate "2007.01.11"]
[EventType "swiss"]
[EventRounds "9"]
[EventCountry "ESP"]
[Source "lmi"]
[SourceDate "2007.01.11"]

1. d4 d5 2. c4 Nc6 3. Nf3 Bg4 4. e3 e5 5. Qb3 Bxf3 6. gxf3 Bb4+ 7. Bd2 Bxd2+ 8.
Nxd2 exd4 9. cxd5 dxe3 10. fxe3 Qh4+ 11. Kd1 Nd8 12. Qc3 Ne7 13. Qxc7 O-O 14.
e4 Rc8 15. Qd7 Ndc6 16. dxc6 Rfd8 17. Qxb7 Qf2 18. Be2 Qd4 19. Ke1 Qxd2+ 20.
Kf1 Qc2 21. Qxe7 Rd2 22. Re1 Rxe2 23. Rxe2 Qd1+ 24. Re1 Qxf3+ 25. Kg1 Qg4+ 26.
Kf2 Qf4+ 27. Ke2 Qg4+ 28. Kd2 Qf4+ 29. Re3 Qf2+ 30. Kd3 Qxb2 31. Qd7 Qa3+ 32.
Ke2 Qxa2+ 33. Kf3 Rf8 34. c7 Qc2 35. Qd8 f5 36. Qd5+ Kh8 37. e5 g5 38. Re2 g4+
39. Kf2 Qxc7 40. Rd1 f4 41. Qd4 g3+ 42. hxg3 fxg3+ 43. Kxg3 Qg7+ 44. Qg4 Qh6
45. Rd6 Qh1 46. Rh2 Qe1+ 47. Kg2 Rg8 48. Rxh7+ Kxh7 49. Rd7+ Kh8 50. Rd8 Qe2+
51. Kh3 0-1

[Event "Madrid ch-sf B"]
[Site "Madrid ESP"]
[Date "2007.01.19"]
[Round "4.1"]
[White "Alvarez Abejon, Amilcar"]
[Black "Sanchez Garcia, Aurelio"]
[Result "1/2-1/2"]
[WhiteElo "2086"]
[BlackElo "2104"]
[PlyCount "54"]
[EventDate "2007.01.11"]
[EventType "swiss"]
[EventRounds "9"]
[EventCountry "ESP"]
[Source "lmi"]
[SourceDate "2007.01.11"]

1. e4 d5 2. exd5 Qxd5 3. Nc3 Qd6 4. d4 Nf6 5. Nf3 a6 6. g3 Bg4 7. Bg2 Nc6 8.
Bf4 Qd7 9. d5 Nb4 10. Qd2 Bxf3 11. Bxf3 O-O-O 12. O-O-O e6 13. dxe6 Qxd2+ 14.
Rxd2 Rxd2 15. Bxd2 fxe6 16. Re1 Bc5 17. Rxe6 Kd7 18. Re2 Nc6 19. Ne4 Nxe4 20.
Rxe4 Bxf2 21. Bg4+ Kd6 22. Bf4+ Kd5 23. Re2 Bd4 24. Be6+ Kc5 25. c3 Bf6 26. a4
a5 27. Rd2 Nb8 1/2-1/2

[Event "Madrid ch-sf B"]
[Site "Madrid ESP"]
[Date "2007.01.19"]
[Round "4.2"]
[White "Collado Barbas, Laura"]
[Black "Vazquez Gonzalez, Jesus"]
[Result "0-1"]
[WhiteElo "1828"]
[BlackElo "2111"]
[PlyCount "100"]
[EventDate "2007.01.11"]
[EventType "swiss"]
[EventRounds "9"]
[EventCountry "ESP"]
[Source "lmi"]
[SourceDate "2007.01.11"]

1. d4 c5 2. d5 e5 3. c4 d6 4. Nc3 f5 5. e4 f4 6. Be2 Nf6 7. h3 Be7 8. Bd2 a6 9.
a3 O-O 10. b4 Nbd7 11. Bf3 Qe8 12. Nge2 Kh8 13. g4 g5 14. Nc1 Rg8 15. Nd3 b6
16. Ke2 Nf8 17. Ne1 Bd7 18. bxc5 dxc5 19. a4 Ng6 20. Ng2 Rg7 21. Rb1 Rb8 22.
Qb3 Bd6 23. Bc1 Qc8 24. Qd1 h6 25. Ba3 Rh7 26. Ke1 Kg7 27. Qe2 Qe8 28. Qd1 Qh8
29. Na2 Qc8 30. Nc1 Qe8 31. a5 b5 32. cxb5 Rxb5 33. Rxb5 Bxb5 34. Nb3 Ba4 35.
Qb1 Qb5 36. Nd2 Qxa5 37. Qb7+ Bd7 38. Bc1 Rh8 39. Be2 f3 40. Bxf3 Rb8 41. Qa7
Rb1 42. Ke2 Qb5+ 43. Ke3 c4 44. Qa8 Bc5+ 45. Ke2 c3+ 46. Kd1 cxd2 47. Kxd2 Qb4+
48. Ke2 Bb5+ 49. Kd1 Qd4+ 50. Kc2 Qd3# 0-1

[Event "Madrid ch-sf B"]
[Site "Madrid ESP"]
[Date "2007.01.19"]
[Round "4.4"]
[White "Vazquez Torres, Adrian"]
[Black "Perez Martinez, Jose Manuel"]
[Result "1/2-1/2"]
[WhiteElo "1702"]
[BlackElo "1974"]
[PlyCount "71"]
[EventDate "2007.01.11"]
[EventType "swiss"]
[EventRounds "9"]
[EventCountry "ESP"]
[Source "lmi"]
[SourceDate "2007.01.11"]

1. e4 e6 2. d3 d5 3. Nd2 Nf6 4. Ngf3 Be7 5. g3 b6 6. Bg2 Bb7 7. O-O dxe4 8. Ng5
Nbd7 9. Ngxe4 Qc8 10. a3 h5 11. b3 h4 12. Bb2 Nxe4 13. Nxe4 f5 14. Nd2 Bxg2 15.
Kxg2 hxg3 16. fxg3 Qb7+ 17. Qf3 Qxf3+ 18. Nxf3 Bf6 19. Bxf6 gxf6 20. Rae1 Kf7
21. Re2 a6 22. d4 Rhg8 23. Ne1 Rg4 24. d5 exd5 25. Rxf5 Rg5 26. Ref2 Rxf5 27.
Rxf5 Ne5 28. h3 Kg6 29. g4 c5 30. Nf3 Re8 31. Kg3 Nxf3 32. Kxf3 d4 33. Kg3 Re2
34. Rf2 Re3+ 35. Rf3 Re2 36. Rf2 1/2-1/2

[Event "Madrid ch-sf B"]
[Site "Madrid ESP"]
[Date "2007.01.19"]
[Round "4.6"]
[White "Martin Martin, Luis Vicente"]
[Black "Avendaño Mateos, Jose"]
[Result "1/2-1/2"]
[WhiteElo "2111"]
[BlackElo "1912"]
[PlyCount "52"]
[EventDate "2007.01.11"]
[EventType "swiss"]
[EventRounds "9"]
[EventCountry "ESP"]
[Source "lmi"]
[SourceDate "2007.01.11"]

1. d4 d5 2. Bf4 Nf6 3. e3 c6 4. c3 Bf5 5. Nf3 e6 6. Ne5 Nbd7 7. Nd2 Nxe5 8.
dxe5 Nd7 9. g4 Bg6 10. h4 h5 11. g5 Qc7 12. Nf3 Be4 13. Be2 g6 14. O-O Bxf3 15.
Bxf3 Nxe5 16. Bg2 Bd6 17. Qd4 c5 18. Qa4+ Nc6 19. Bxd6 Qxd6 20. c4 O-O 21. cxd5
exd5 22. Rad1 Ne7 23. Qb3 Qb6 24. Bxd5 Qxb3 25. Bxb3 Rab8 26. Bd5 Rfd8 1/2-1/2

[Event "Madrid ch-sf B"]
[Site "Madrid ESP"]
[Date "2007.01.19"]
[Round "4.8"]
[White "Valderrama Arroyo, Victor"]
[Black "Aziz Ortego, Omar Luis"]
[Result "0-1"]
[WhiteElo "1843"]
[BlackElo "2107"]
[PlyCount "104"]
[EventDate "2007.01.11"]
[EventType "swiss"]
[EventRounds "9"]
[EventCountry "ESP"]
[Source "lmi"]
[SourceDate "2007.01.11"]

1. d4 d5 2. c4 c6 3. Nc3 Nf6 4. Nf3 dxc4 5. e3 b5 6. a4 Qb6 7. axb5 cxb5 8. b3
cxb3 9. Bxb5+ Bd7 10. Qxb3 e6 11. Bxd7+ Nbxd7 12. Qxb6 Nxb6 13. Nb5 Nbd5 14.
Rxa7 Rb8 15. Nc7+ Nxc7 16. Rxc7 Bd6 17. Ra7 O-O 18. O-O Rb3 19. Nd2 Rc3 20. Ra6
Be7 21. Nf3 Rfc8 22. Bd2 Rc2 23. Rfa1 Ne4 24. Ra8 g5 25. Rxc8+ Rxc8 26. Rc1 Ra8
27. Be1 Ra2 28. Ne5 Ba3 29. Rc8+ Kg7 30. Rc7 Ra1 31. Rxf7+ Kg8 32. Kf1 Bb4 33.
Ke2 Rxe1+ 34. Kf3 Nd6 35. Re7 h5 36. Rxe6 g4+ 37. Kf4 Rf1 38. f3 gxf3 39. gxf3
Nf7 40. Nxf7 Kxf7 41. Rb6 Be7 42. Rb5 h4 43. e4 Rh1 44. Rb2 Kg6 45. Rg2+ Kh5
46. Kf5 Bf8 47. f4 h3 48. Rb2 Rf1 49. Ke5 Bg7+ 50. Kf5 Bh6 51. Rb3 Rxf4+ 52.
Ke5 Kh4 0-1

[Event "Madrid ch-sf B"]
[Site "Madrid ESP"]
[Date "2007.01.19"]
[Round "4.9"]
[White "Rodrigo Yanguas, Maria"]
[Black "Baeza Escudero, Javier"]
[Result "1-0"]
[WhiteElo "1969"]
[BlackElo "1886"]
[PlyCount "47"]
[EventDate "2007.01.11"]
[EventType "swiss"]
[EventRounds "9"]
[EventCountry "ESP"]
[Source "lmi"]
[SourceDate "2007.01.11"]

1. e4 c5 2. Nc3 Nc6 3. f4 d5 4. Nxd5 e6 5. Nc3 Nf6 6. Nf3 a6 7. a4 Rb8 8. Bc4
Nd4 9. d3 b5 10. axb5 axb5 11. Nxd4 Qxd4 12. Nxb5 Qd7 13. Ra7 Rb7 14. Rxb7 Bxb7
15. Be3 Be7 16. O-O O-O 17. Qf3 Bc6 18. Nc3 Rb8 19. b3 Ne8 20. Qg3 Bf6 21. e5
Be7 22. f5 Bd5 23. Bxd5 exd5 24. e6 1-0

[Event "Madrid ch-sf B"]
[Site "Madrid ESP"]
[Date "2007.01.19"]
[Round "4.10"]
[White "Rosa Ramirez, Victor D"]
[Black "Sanchez Alarcos, Victor"]
[Result "0-1"]
[WhiteElo "1922"]
[BlackElo "1876"]
[PlyCount "62"]
[EventDate "2007.01.11"]
[EventType "swiss"]
[EventRounds "9"]
[EventCountry "ESP"]
[Source "lmi"]
[SourceDate "2007.01.11"]

1. e4 g6 2. d4 Bg7 3. f4 c6 4. Nf3 d5 5. e5 h5 6. Bd3 Bg4 7. h3 Bxf3 8. Qxf3 e6
9. O-O Nd7 10. b3 Bf8 11. c4 Qb6 12. Be3 Nh6 13. Nc3 Nf5 14. Bf2 Nxd4 15. Qg3
dxc4 16. Bxc4 c5 17. Rfd1 Nf5 18. Qd3 O-O-O 19. Qc2 a6 20. a3 Qc7 21. a4 Be7
22. a5 Nb8 23. Rdc1 Nc6 24. Qe2 Nfd4 25. Qb2 Nxa5 26. Bf1 Naxb3 27. Bxd4 Nxc1
28. Rxc1 Rxd4 29. Ne2 Rb4 30. Qa3 Qb6 31. Ng3 Rb3 0-1

[Event "Madrid ch-sf B"]
[Site "Madrid ESP"]
[Date "2007.01.19"]
[Round "4.11"]
[White "Garcia Serrano, Jose Manuel"]
[Black "Osorio Ramos, Francisco"]
[Result "1/2-1/2"]
[WhiteElo "1914"]
[BlackElo "1922"]
[PlyCount "39"]
[EventDate "2007.01.11"]
[EventType "swiss"]
[EventRounds "9"]
[EventCountry "ESP"]
[Source "lmi"]
[SourceDate "2007.01.11"]

1. e4 c5 2. d4 cxd4 3. c3 dxc3 4. Nxc3 g6 5. Nf3 Bg7 6. Bc4 d6 7. O-O Nc6 8.
Qb3 Na5 9. Bb5+ Bd7 10. Qa4 Nc6 11. Rd1 a6 12. Be2 Nd4 13. Qc4 Rc8 14. Qd3
Nxf3+ 15. Bxf3 Bc6 16. Qe2 Qc7 17. Be3 h5 18. Rac1 Qa5 19. b4 Qxb4 20. Nd5
1/2-1/2

[Event "Madrid ch-sf B"]
[Site "Madrid ESP"]
[Date "2007.01.19"]
[Round "4.12"]
[White "Cuadrado Lopez, Francisco Javier"]
[Black "Noriega de la Sierra, Antonio"]
[Result "1/2-1/2"]
[WhiteElo "1976"]
[BlackElo "1923"]
[PlyCount "82"]
[EventDate "2007.01.11"]
[EventType "swiss"]
[EventRounds "9"]
[EventCountry "ESP"]
[Source "lmi"]
[SourceDate "2007.01.11"]

1. e4 c5 2. Nf3 d6 3. d4 cxd4 4. Nxd4 Nf6 5. Nc3 a6 6. f3 Nc6 7. Be3 e6 8. Qd2
Qc7 9. Bd3 Be7 10. O-O Ne5 11. Rac1 b5 12. Rfd1 Bb7 13. Qf2 Rc8 14. Nb3 Nfd7
15. a3 Nc4 16. Bxc4 Qxc4 17. Qg3 O-O 18. Rd4 Qc7 19. Bf4 e5 20. Bh6 Bf6 21. Rd3
Rfd8 22. Be3 Nc5 23. Nxc5 dxc5 24. Rcd1 c4 25. R3d2 Rxd2 26. Rxd2 Rd8 27. Qf2
Rxd2 28. Qxd2 Qd8 29. Qxd8+ Bxd8 30. Bc5 f6 31. b3 Ba5 32. b4 Bd8 33. Kf2 Kf7
34. Ke3 Ke6 35. a4 Bc6 36. axb5 Bxb5 37. g4 g6 38. h3 f5 39. gxf5+ gxf5 40.
exf5+ Kxf5 41. Ne4 Bc7 1/2-1/2

[Event "Madrid ch-sf B"]
[Site "Madrid ESP"]
[Date "2007.01.20"]
[Round "5.1"]
[White "Sanchez Garcia, Aurelio"]
[Black "Semprun Martinez, Fernando"]
[Result "1/2-1/2"]
[WhiteElo "2104"]
[BlackElo "2185"]
[PlyCount "98"]
[EventDate "2007.01.11"]
[EventType "swiss"]
[EventRounds "9"]
[EventCountry "ESP"]
[Source "lmi"]
[SourceDate "2007.01.11"]

1. d4 Nf6 2. Nf3 g6 3. Nc3 d5 4. Bf4 Bg7 5. e3 O-O 6. Be2 c5 7. Ne5 Qb6 8. Na4
Qa5+ 9. c3 Nbd7 10. Nxd7 Nxd7 11. Nxc5 Nxc5 12. b4 Qa3 13. bxc5 e5 14. dxe5
Qxc3+ 15. Kf1 Qxc5 16. h3 Be6 17. g4 Rac8 18. Kg2 Rfd8 19. Qd4 Qa3 20. Rhb1 b6
21. Rb3 Qc5 22. a4 Bf8 23. Bb5 Qc2 24. Rb2 Qe4+ 25. Kg3 Bc5 26. Qxe4 dxe4 27.
Bg5 Rd5 28. Bf6 a5 29. Rc2 Bb4 30. Rxc8+ Bxc8 31. Bc6 Rd2 32. Bxe4 Bd7 33. Rc1
Bc5 34. Rc2 Rxc2 35. Bxc2 b5 36. axb5 Bxb5 37. Bb3 a4 38. Ba2 Bd7 39. e6 Bxe6
40. Bxe6 fxe6 41. Kf3 a3 42. Ke2 Kf7 43. Bc3 Be7 44. e4 e5 45. Kd3 Ke6 46. Kc2
Bc5 47. Kb3 Bd6 48. Ba5 Kd7 49. Bd2 Kc6 1/2-1/2

[Event "Madrid ch-sf B"]
[Site "Madrid ESP"]
[Date "2007.01.20"]
[Round "5.2"]
[White "Vazquez Gonzalez, Jesus"]
[Black "Alvarez Abejon, Amilcar"]
[Result "1-0"]
[WhiteElo "2110"]
[BlackElo "2086"]
[PlyCount "43"]
[EventDate "2007.01.11"]
[EventType "swiss"]
[EventRounds "9"]
[EventCountry "ESP"]
[Source "lmi"]
[SourceDate "2007.01.11"]

1. e4 d5 2. exd5 Qxd5 3. Nc3 Qe5+ 4. Nge2 c6 5. d4 Qc7 6. Bf4 Qb6 7. Na4 Qa5+
8. c3 Nf6 9. Ng3 Nbd7 10. b4 Qd8 11. Bd3 Nd5 12. Bd2 e5 13. O-O N7b6 14. Re1
Nxa4 15. Qxa4 Be6 16. Rxe5 Nxb4 17. Bf5 Bd6 18. Re2 Bxg3 19. Bxe6 fxe6 20. Qxb4
Bd6 21. Rxe6+ Kd7 22. Rxd6+ 1-0

[Event "Madrid ch-sf B"]
[Site "Madrid ESP"]
[Date "2007.01.20"]
[Round "5.3"]
[White "Sanz Esteban, Eduardo"]
[Black "Collado Barbas, Laura"]
[Result "1-0"]
[WhiteElo "1781"]
[BlackElo "1828"]
[PlyCount "91"]
[EventDate "2007.01.11"]
[EventType "swiss"]
[EventRounds "9"]
[EventCountry "ESP"]
[Source "lmi"]
[SourceDate "2007.01.11"]

1. e4 c6 2. d4 d5 3. exd5 cxd5 4. Bd3 Nf6 5. h3 Nc6 6. c3 e6 7. Bf4 Bd6 8. Bxd6
Qxd6 9. Nf3 O-O 10. O-O Re8 11. Nbd2 Bd7 12. Re1 e5 13. dxe5 Nxe5 14. Rxe5 Rxe5
15. Nc4 Re1+ 16. Nxe1 Qf4 17. Ne3 Bc6 18. Qf3 Qc7 19. Qg3 Qxg3 20. fxg3 Re8 21.
N1c2 Nd7 22. c4 d4 23. Nd5 Nc5 24. Rd1 Re5 25. Ndb4 Nxd3 26. Nxc6 bxc6 27. Rxd3
c5 28. Kf2 Kf8 29. b4 cxb4 30. Nxb4 Rf5+ 31. Ke2 Re5+ 32. Kd2 a5 33. Nc2 Rf5
34. Rf3 Rc5 35. Kd3 Ke7 36. Nxd4 a4 37. Rf5 Rc7 38. Ra5 Kf6 39. Rxa4 Ke5 40.
Ra5+ Kf6 41. a4 g6 42. Rb5 Ke7 43. a5 Kd6 44. Rb6+ Kd7 45. a6 Kc8 46. Rc6 1-0

[Event "Madrid ch-sf B"]
[Site "Madrid ESP"]
[Date "2007.01.20"]
[Round "5.4"]
[White "Sanchez Delgado, Lidia"]
[Black "Vazquez Torres, Adrian"]
[Result "1-0"]
[WhiteElo "2036"]
[BlackElo "1702"]
[PlyCount "83"]
[EventDate "2007.01.11"]
[EventType "swiss"]
[EventRounds "9"]
[EventCountry "ESP"]
[Source "lmi"]
[SourceDate "2007.01.11"]

1. e4 c5 2. Nf3 d6 3. d4 cxd4 4. Nxd4 Nf6 5. Nc3 a6 6. Bg5 e6 7. f4 Be7 8. Qf3
Nbd7 9. O-O-O h6 10. Bxf6 Bxf6 11. g4 Qb6 12. Nb3 Nc5 13. Nxc5 Qxc5 14. e5 dxe5
15. Ne4 Qe7 16. Nd6+ Kf8 17. f5 exf5 18. gxf5 e4 19. Nxe4 Qe5 20. Nxf6 gxf6 21.
Rd8+ Kg7 22. Rg1+ Kh7 23. Rxh8+ Kxh8 24. Bd3 Bd7 25. Qg4 Qe3+ 26. Kb1 Qg5 27.
Qd4 Re8 28. h4 Qg7 29. b3 Qf8 30. Qxd7 Re7 31. Qd4 Re5 32. Qg4 Kh7 33. Qg3 Kh8
34. Re1 Ra5 35. Qg4 Kh7 36. Qc4 Rc5 37. Qb4 Qc8 38. Re7 Rc7 39. Qd6 Rxe7 40.
Qxe7 Kg7 41. Bc4 Qg8 42. Qxb7 1-0

[Event "Madrid ch-sf B"]
[Site "Madrid ESP"]
[Date "2007.01.20"]
[Round "5.5"]
[White "Perez Martinez, Jose Manuel"]
[Black "Rodrigo Yanguas, Maria"]
[Result "1-0"]
[WhiteElo "1974"]
[BlackElo "1969"]
[PlyCount "124"]
[EventDate "2007.01.11"]
[EventType "swiss"]
[EventRounds "9"]
[EventCountry "ESP"]
[Source "lmi"]
[SourceDate "2007.01.11"]

1. e4 c6 2. d4 d5 3. exd5 cxd5 4. Nf3 Nc6 5. Bd3 g6 6. c3 Bg7 7. O-O Nf6 8. Re1
Qb6 9. Nbd2 O-O 10. Nb3 Re8 11. h3 Nh5 12. Be3 f5 13. Qd2 Qc7 14. Bh6 Nf6 15.
Bxg7 Kxg7 16. c4 Bd7 17. cxd5 Nxd5 18. Bc4 Nb6 19. Rac1 Nxc4 20. Rxc4 Qd6 21.
d5 Nd8 22. Nc5 Rc8 23. Qd4+ Kg8 24. Nxd7 Rxc4 25. Qxc4 Qxd7 26. d6+ Kf8 27.
dxe7+ Rxe7 28. Rxe7 Qxe7 29. Qd4 Nf7 30. Qxa7 Qc7 31. Qa3+ Kg8 32. Qe3 Kf8 33.
Nd4 Qe7 34. Qc3 Nd6 35. Nf3 Nf7 36. a4 Kg8 37. b4 Nd6 38. a5 Ne4 39. Qc4+ Kg7
40. b5 g5 41. Qd4+ Kh6 42. a6 bxa6 43. bxa6 g4 44. a7 Qb7 45. hxg4 fxg4 46.
Qe3+ Kg7 47. Ne5 h5 48. Qd4 Kh6 49. Nf7+ Kg6 50. Nd6 Qb1+ 51. Kh2 g3+ 52. fxg3
Nf6 53. Qxf6+ Kxf6 54. a8=Q Qd3 55. Qf8+ Ke6 56. Qh6+ Kd7 57. Nf7 Qd5 58. Qd6+
Qxd6 59. Nxd6 Kxd6 60. Kh3 Ke6 61. Kh4 Kf6 62. Kxh5 Kg7 1-0

[Event "Madrid ch-sf B"]
[Site "Madrid ESP"]
[Date "2007.01.20"]
[Round "5.6"]
[White "Avendaño Mateos, Jose"]
[Black "Lopez de Turiso, Jose Angel"]
[Result "1-0"]
[WhiteElo "1912"]
[BlackElo "2171"]
[PlyCount "78"]
[EventDate "2007.01.11"]
[EventType "swiss"]
[EventRounds "9"]
[EventCountry "ESP"]
[Source "lmi"]
[SourceDate "2007.01.11"]

1. d4 Nf6 2. Nf3 g6 3. c4 Bg7 4. Nc3 d6 5. e4 O-O 6. Be2 Nbd7 7. O-O e5 8. dxe5
dxe5 9. Qc2 c6 10. b4 a5 11. b5 Qc7 12. Ba3 Re8 13. Rfd1 Bf8 14. Bxf8 Nxf8 15.
Rac1 Bg4 16. c5 Bxf3 17. Bxf3 Ne6 18. b6 Qe7 19. Ne2 Nd7 20. Bg4 Ndxc5 21. Qc3
f6 22. Bxe6+ Nxe6 23. Rd2 Kg7 24. Rcd1 Red8 25. Rxd8 Rxd8 26. Rxd8 Qxd8 27. Qb3
Nc5 28. Qc2 Qxb6 29. h3 Qb4 30. Ng3 Ne6 31. Qd1 Nd4 32. Qg4 Qe1+ 33. Kh2 Qxf2
34. Nh5+ Kh6 35. Ng3 b5 36. Qh4+ Kg7 37. Nh5+ Kh6 38. Qxf2 Kxh5 39. Qxf6 a4 1-0

[Event "Madrid ch-sf B"]
[Site "Madrid ESP"]
[Date "2007.01.20"]
[Round "5.7"]
[White "Sanchez Alarcos, Victor"]
[Black "Martin Martin, Luis Vicente"]
[Result "0-1"]
[WhiteElo "1876"]
[BlackElo "2111"]
[PlyCount "76"]
[EventDate "2007.01.11"]
[EventType "swiss"]
[EventRounds "9"]
[EventCountry "ESP"]
[Source "lmi"]
[SourceDate "2007.01.11"]

1. d4 Nf6 2. c4 e5 3. dxe5 Ne4 4. a3 d6 5. exd6 Bxd6 6. Nf3 Nxf2 7. Qd4 Nxh1 8.
Qxg7 Rf8 9. Nc3 Be6 10. Bh6 Nd7 11. O-O-O Qf6 12. Qxf6 Nxf6 13. Bxf8 Kxf8 14.
e4 Nf2 15. e5 Nxd1 16. Kxd1 Be7 17. exf6 Bxf6 18. Kc2 Rd8 19. Bd3 h6 20. Na4
Bd7 21. Nc5 Bc6 22. Be4 Bxe4+ 23. Nxe4 Ke7 24. Nxf6 Kxf6 25. b3 Kf5 26. Kc1 Kf4
27. Kc2 Rg8 28. Nh4 Rg4 29. g3+ Ke4 30. Kc3 Rg8 31. Ng2 Rd8 32. Nf4 c6 33. b4
Rd1 34. a4 Ra1 35. Kb3 Rf1 36. b5 c5 37. Nd5 Rf3+ 38. Nc3+ Kd4 0-1